000 00477cam a2200157 4500500
005 20251012023104.0
041 _afre
042 _adc
100 1 0 _aBenosman, Djaouida
_eauthor
700 1 0 _a Tadlaoui, Miryam
_eauthor
245 0 0 _aLe trouble post-traumatique
260 _c2005.
500 _a64
786 0 _nPsy Cause | ยบ39 | 1 | 2005-01-01 | p. 39-39 | 1245-2394
856 4 1 _uhttps://shs.cairn.info/revue-psy-cause-2005-1-page-39?lang=fr&redirect-ssocas=7080
999 _c1541183
_d1541183